000 00304nam a22001457a 4500
008 211012b ||||| |||| 00| 0 eng d
020 _a9780071416313
041 _aeng
080 _a510
082 _a510
100 _a36
101 _aMAT
245 _aTrigonometry
_cGibilisco,S
942 _2udc
_cBK
999 _c58177
_d58177